000
00227 a2200097 4500
001
58239
100
_a
245
_a
Software reference guide stella
260
_a
Lebanon
_b
Technical documentation
_c
2004
090
_c
35736
_d
35736
942
_a
NUST-CAE
_c
_c
28598
999
_c
293312
_d
293312